CDP review manual : (Record no. 176096)
[ view plain ]
| 000 -LEADER | |
|---|---|
| fixed length control field | 00959 a2200217 4500 |
| 003 - CONTROL NUMBER IDENTIFIER | |
| control field | Nust |
| 005 - DATE AND TIME OF LATEST TRANSACTION | |
| control field | 20230522123258.0 |
| 010 ## - LIBRARY OF CONGRESS CONTROL NUMBER | |
| LC control number | 72076255 |
| 020 ## - INTERNATIONAL STANDARD BOOK NUMBER | |
| International Standard Book Number | 0877691320 |
| 040 ## - CATALOGING SOURCE | |
| Transcribing agency | Nust |
| 082 00 - DEWEY DECIMAL CLASSIFICATION NUMBER | |
| Classification number | 004,CDP |
| 100 1# - MAIN ENTRY--PERSONAL NAME | |
| Personal name | MacGowan, Roger A. |
| 9 (RLIN) | 112514 |
| 245 10 - TITLE STATEMENT | |
| Title | CDP review manual : |
| Remainder of title | a data processing Handbook / |
| Statement of responsibility, etc. | Edited by Roger A. MacGowan and Reid Henderson. |
| 260 ## - PUBLICATION, DISTRIBUTION, ETC. | |
| Place of publication, distribution, etc. | Princeton, |
| Name of publisher, distributor, etc. | Auerbach Publishers |
| Date of publication, distribution, etc. | [1972] |
| 300 ## - PHYSICAL DESCRIPTION | |
| Extent | vi, 632 p. |
| Other physical details | illus. |
| Dimensions | 28 cm. |
| 505 ## - FORMATTED CONTENTS NOTE | |
| Formatted contents note | Data Processing Equipment (Page-1), Computer Programming and Software (Page-75), General Management (Page-145), Data Processing Management (Page-257), Accounting (Page-337), Mathematics (Page-395), Statistics (Page-465), System Analysis and Design (Page-525). |
| 650 #0 - SUBJECT ADDED ENTRY--TOPICAL TERM | |
| Topical term or geographic name entry element | Electronic data processing |
| General subdivision | Handbooks, manuals, etc. |
| 9 (RLIN) | 112515 |
| 650 #0 - SUBJECT ADDED ENTRY--TOPICAL TERM | |
| Topical term or geographic name entry element | Electronic digital computers |
| General subdivision | Handbooks, manuals, etc. |
| 9 (RLIN) | 112516 |
| 700 1# - ADDED ENTRY--PERSONAL NAME | |
| Personal name | Henderson, Reid, |
| 9 (RLIN) | 112517 |
| 942 ## - ADDED ENTRY ELEMENTS (KOHA) | |
| Source of classification or shelving scheme | |
| Koha item type | Book Bank |
| Withdrawn status | Lost status | Source of classification or shelving scheme | Damaged status | Not for loan | Permanent Location | Current Location | Shelving location | Date acquired | Full call number | Barcode | Date last seen | Price effective from | Koha item type | Public note |
|---|---|---|---|---|---|---|---|---|---|---|---|---|---|---|
| Military College of Signals (MCS) | Military College of Signals (MCS) | General Stacks | 12/12/2016 | 004 CDP | MCS2486 | 12/08/2016 | 12/12/2016 | Book | Almirah No.79, Shelf No.2 |
